000 00322nam a2200157Ia 4500
100 _aTing/Kathleen
650 _aApache
942 _cBK
366 _f20
654 _aapache
245 _aApache Sqoop cookbook
260 _bOreilly
_c2013
082 _a5.133
_bTIng
300 _a75
546 _aENGLISH
_celectronics
999 _c20515
_d20515